| 000 | 00719nam a2200217 a 4500 | ||
|---|---|---|---|
| 001 | 18645 | ||
| 003 | BD-RjUL | ||
| 005 | 20211209000320.0 | ||
| 008 | 140222s1953 enka 000 0 eng d | ||
| 035 | _a(BD-RjUL)18703 | ||
| 040 |
_aVCAV _beng _cVCAV _dWCX _dBD-RjUL |
||
| 041 | _aeng | ||
| 082 | 0 | 4 |
_a821.7 _bPRS 1953 |
| 100 | 1 |
_aPraed, Winthrop Mackworth, _d1802-1839. _957430 |
|
| 245 | 1 | 0 |
_aSelected poems of Winthrop Mackworth Praed / _cedited with an introduction and commentary by Kenneth Allott. |
| 260 |
_aLondon : _bRoutledge and Kegan, _c1953. |
||
| 300 |
_a lxix, 362 p. : _billus. port., facsim.,; _c15 cm. |
||
| 650 |
_aEnglish poetry. _957431 |
||
| 700 | 1 |
_aAllott, Kenneth, _d1912- _957432 |
|
| 942 |
_2ddc _cBK |
||
| 999 |
_c18645 _d18645 |
||